00311nam a2200121Ia 4500008004100000100002000041245005900061260002700120300000800147650001000155942000700165999001700172190216s9999||||xx |||||||||||||| ||und|| aDr.Shanap Shyam 0aHindi-Mamtha Kaaliya Ke Kya-Sahithya Mem Nari Chethana bVikash Prakashanc2010 a240 aHindi cBK c16826d16826